All Countries Invaded Since the Year 2000 - Statistics

General Stats
  • This quiz has been taken 274 times
  • The average score is 12 of 15
Answer Stats
Year and Invaders Invaded Country % Correct
2003 (USA, UK, Australia, Poland) Iraq
97%
2014 (Russia) Ukraine
97%
2022 (Russia) Ukraine
97%
2016 (Turkey) Syria
92%
2001 (USA, UK, Canada, Australia, N.A) Afghanistan
87%
2002 (Israel) Palestine
87%
2004 (Israel) Palestine
87%
2008 (Israel) Palestine
87%
2014 (Israel) Palestine
87%
2008 (Russia) Georgia
81%
2006 (Israel) Lebanon
81%
2018 (UAE) Yemen
80%
2006 (Ethiopia) Somalia
74%
2011 (Somalia) Kenya
66%
2017 (Senegal, Ghana, Nigeria) Gambia
44%
No matching quizzes found
Score Distribution
Percent of People with Each Score
Percentile by Number Answered
Your Score History
You have not taken this quiz